A gentle feuding / (Registro nro. 10555)

Detalles MARC
000 -LEADER
fixed length control field 00589cam a2200253 i 4500
001 - CONTROL NUMBER
control field 0000439
003 - CONTROL NUMBER IDENTIFIER
control field DO-SdBNP
005 - DATE AND TIME OF LATEST TRANSACTION
control field 20160623144033.0
007 - PHYSICAL DESCRIPTION FIXED FIELD--GENERAL INFORMATION
fixed length control field 0000439
008 - FIXED-LENGTH DATA ELEMENTS--GENERAL INFORMATION
fixed length control field 100514s1984 xxu | |||| 000 f spa
015 ## - NATIONAL BIBLIOGRAPHY NUMBER
National bibliography number
017 ## - COPYRIGHT OR LEGAL DEPOSIT NUMBER
Copyright or legal deposit number
Assigning agency
020 ## - INTERNATIONAL STANDARD BOOK NUMBER
International Standard Book Number 0380871556
035 ## - SYSTEM CONTROL NUMBER
System control number
040 ## - CATALOGING SOURCE
Original cataloging agency BPMSU
Language of cataloging spa
Transcribing agency BPMSU
Description conventions
080 ## - UNIVERSAL DECIMAL CLASSIFICATION NUMBER
Universal Decimal Classification number
100 1# - MAIN ENTRY--PERSONAL NAME
Personal name Lindsey, Johanna
245 10 - TITLE STATEMENT
Title A gentle feuding /
Medium
Statement of responsibility, etc. Johanna Lindsey
250 ## - EDITION STATEMENT
Edition statement 3a. ed.
260 ## - PUBLICATION, DISTRIBUTION, ETC. (IMPRINT)
Place of publication, distribution, etc. New York :
Name of publisher, distributor, etc. Avon books,
Date of publication, distribution, etc. 1984.
300 ## - PHYSICAL DESCRIPTION
Extent 329 p.:
Dimensions 18 cm
942 ## - ADDED ENTRY ELEMENTS (KOHA)
Source of classification or shelving scheme Dewey Decimal Classification
Koha item type Libros
956 ## - LOCAL ELECTRONIC LOCATION AND ACCESS (OCLC)
Host name YLOCKWARD
Field link and sequence number 10
Compression information BPMSU
Existencias
Withdrawn status Lost status Source of classification or shelving scheme Damaged status Not for loan Collection code Home library Current library Date acquired Source of acquisition Total Checkouts Barcode Date last seen Price effective from Koha item type
    Dewey Decimal Classification       Biblioteca Pública Metropolitana Salomé Ureña Biblioteca Pública Metropolitana Salomé Ureña 06/23/2016 Fundi   BPMSU16060471 06/23/2016 06/23/2016 Libros